La actividad investigadora del sistema universitario español (2003-2012). Resultados del observatorio IUNE (III edición) (Record no. 201893)

MARC details
000 -CABECERA
campo de control de longitud fija 02451nab a2200349 a 4500
005 - FECHA Y HORA DE LA ÚLTIMA TRANSACCIÓN
campo de control 20210219163818.0
008 - ELEMENTOS DE LONGITUD FIJA--INFORMACIÓN GENERAL
campo de control de longitud fija 991125s1985 mx 000 0 spa u
035 ## - NÚMERO DE CONTROL DEL SISTEMA
Número de control de sistema UPN01000229798
049 ## - COLECCIÓN
Colección ART-E
100 1# - ASIENTO PRINCIPAL--NOMBRE PERSONAL
Nombre de persona De Filippo, Daniela
Enlace - dfilippo@bib.uc3m.es
100 1# - ASIENTO PRINCIPAL--NOMBRE PERSONAL
Nombre de persona García Zorita, Carlos
100 1# - ASIENTO PRINCIPAL--NOMBRE PERSONAL
Nombre de persona Lascurain Sánchez, María Luisa
100 1# - ASIENTO PRINCIPAL--NOMBRE PERSONAL
Nombre de persona Marugán, Sergio
100 1# - ASIENTO PRINCIPAL--NOMBRE PERSONAL
Nombre de persona Sanz Casado, Elías
222 #0 - TÍTULO CLAVE
Título clave REVISTA IBEROAMERICANA DE PSICOLOGIA Y SALUD
245 03 - MENCIÓN DE TÍTULO
Título La actividad investigadora del sistema universitario español (2003-2012). Resultados del observatorio IUNE (III edición)
260 ## - PUBLICACIÓN, DISTRIBUCIÓN, ETC.
Lugar de publicación, distribución, etc. España
300 ## - DESCRIPCIÓN FÍSICA
Extensión 167-186
362 0# - FECHAS DE PUBLICACIÓN Y/O DESIGNACIÓN SECUENCIAL
Fecha de publicación y/o designación secuencial 2014, Vol. 5, no. 2
336 ## - TIPO DE CONTENIDO
Término de tipo de contenido texto$2rdacontent
337 ## - TIPO DE MEDIO
Nombre/término del tipo de medio computadora$2rdamedia
338 ## - TIPO DE SOPORTE
Nombre/término del tipo de soporte recurso en linea$2rdacarrier
520 3# - NOTA DE RESUMEN, ETC.
Sumario, etc. El objetivo de este trabajo es presentar y analizar la investigación del Sistema Universitario Español para el período 2003-2012. Se trata de un estudio descriptivo mediante el análisis de publicaciones en Web of Science y otros input y output de I+D recogidos de fuentes oficiales. Los datos se obtuvieron de la III edición del Observatorio IUNE (Investigación en la Universidad Española) del 2014. Se puede apreciar que el número de profesores es de 60000 anuales con un incremento del 14% en la década analizada. Se han publicado 332351 documentos en la Web of Science, aumentando un 112% en estos 10 años. Destaca la producción en Ciencias Experimentales (41%). Una de las características más relevantes es el crecimiento de la colaboración internacional (del 35% al 42%). Los indicadores de impacto muestran un promedio de 11 citas/documento, un 48% de documentos publicados en revistas del primer cuartil y un 7% en TOP3. Los datos sobre patentes concedidas, tesis defendidas, becas predoctorales, y participación en Proyectos Nacionales y Europeos, completan el panorama de la actividad investigadora de las universidades. Estos resultados permiten detectar un aumento sostenido en la productividad y una marcada tendencia de las universidades hacia la internacionalización de la investigación.
653 0# - TERMINO DE INDIZACION - NO CONTROLADO
Término no controlado INVESTIGACION CIENTIFICA
653 0# - TERMINO DE INDIZACION - NO CONTROLADO
Término no controlado PRODUCCION CIENTIFICA
653 0# - TERMINO DE INDIZACION - NO CONTROLADO
Término no controlado EDUCACION SUPERIOR
653 0# - TERMINO DE INDIZACION - NO CONTROLADO
Término no controlado BIBLIOMETRIA
653 0# - TERMINO DE INDIZACION - NO CONTROLADO
Término no controlado ESPAÑA
856 4# - LOCALIZACIÓN Y ACCESO ELECTRÓNICOS
Identificador Uniforme del Recurso <a href="http://suips.webs.uvigo.es/index.php?option=com_docman&Itemid=110">http://suips.webs.uvigo.es/index.php?option=com_docman&Itemid=110</a>
905 ## - TIPO DE MATERIAL
Tipo de material Articulo

No items available.